000 00439nam a2200145 4500
999 _c507181
_d507181
008 190205b ||||| |||| 00| 0 eng d
100 _aKumar, Shubham
_91056
245 _aLegal rights of farmers under the farmers right to guaranteed remunerative MSP for agricultural commodities bill, 2018
260 _c2018
300 _ap.25-29.
700 _aSingh, Apurva
_91057
773 _aMainstream
906 _aFarmers
942 _2ddc
_cAR